| 000 | 00556nam a2200169Ia 4500 | ||
|---|---|---|---|
| 008 | 090201s9999 xx 000 0 und d | ||
| 010 | _aKPL-36244 | ||
| 040 | _bमराठी | ||
| 041 | _aमराठी | ||
| 082 |
_a25372 _b36244 |
||
| 100 | _aअ का प्रियोळकर | ||
| 245 |
_aदमयंती स्वयंवर _cअ का प्रियोळकर |
||
| 260 |
_c2004 _bव्हिनस प्रकाशन |
||
| 300 |
_a104 _bमोठा |
||
| 600 | _aदमयंती स्वयंवर | ||
| 942 | _cBOOK | ||
| 999 |
_c224596 _d224596 |
||